| 000 | 00476nam a2200217Ia 4500 | ||
|---|---|---|---|
| 003 | 0100 | ||
| 008 | 130303s9999 xx 000 0 und d | ||
| 020 | _a055122061 | ||
| 040 | _cARRUPELIB | ||
| 050 | _aPZ3.L96H6 | ||
| 100 | _aLudlum, Robert | ||
| 245 | 4 | _aThe holcroft covenant | |
| 260 | _aNY | ||
| 260 | _bBantam Books | ||
| 260 | _C1979 | ||
| 300 | _a500p. | ||
| 300 | _b 18cm | ||
| 650 | _bExtrasensory perception | ||
| 650 | _cPsychokinesis | ||
| 942 | 0 | 0 | _01 |
| 999 |
_c27439 _d27439 |
||